Statistiques concernant Trouve les paroles - Je vais t'aimer - Michel Sardou

Cliquez ici pour prendre le quiz!

Statistiques générales

  • Ce quiz a été pris 59 fois
  • Le résultat moyen est 177 sur 205

Statistiques - réponses

Réponse% Correct
À
100%
à
100%
je
100%
Je
100%
la
100%
les
100%
t'a
100%
t'aimer
100%
vais
100%
comme
95%
tous
95%
aimé
93%
de
93%
et
93%
jamais
93%
ne
93%
on
93%
faire
89%
se
89%
Marquis
86%
putains
86%
murs
84%
pâlir
84%
rade
84%
Sade
84%
tes
82%
trembler
82%
que
80%
aimée
77%
imaginé
77%
Jéricho
77%
plus
77%
nos
75%
ont
75%
rougir
75%
rêves
73%
seins
73%
des
70%
échos
70%
personne
70%
Saints
70%
crier
68%
être
68%
j'aurai
68%
n'a
68%
Dieu
66%
grâce
66%
osé
66%
loin
64%
tellement
64%
tonnerres
64%
dans
59%
dresser
59%
mains
59%
yeux
59%
enfers
57%
folie
55%
supplier
55%
d'amour
52%
encore
52%
jour
50%
jusqu'à
50%
l'amour
48%
nuit
48%
passion
48%
brûler
45%
croire
43%
morts
43%
prier
43%
jurer
41%
jusqu'au
39%
lumière
39%
flamber
36%
blanchir
34%
vieillir
18%

Distribution des résultats

Percentile par nombre de réponses

% des personnes avec chaque résultat

Votre développement - résultats

Vous n’avez pas pris ce quiz